000 00455nam a22001697a 4500
003 OSt
005 20251125145946.0
008 251125b |||||||| |||| 00| 0 eng d
020 _a9781455508976
040 _aDWC-Main Lib.
_cOC
082 _aFic. S736L 2008
100 _aSparks, Nicholas
245 _aThe lucky one/
_cNicholas Sparks
260 _aNew York :
_bGrand Central Pub.,
_cc2008.
300 _a400 p. ;
_c17 cm.
942 _2ddc
_cFIC.
_kFic.
_n0
999 _c6302
_d6302